Normal view MARC view

Entry Nombre corporativo

Number of records used in: 1

001 - NÚMERO DE CONTROL

  • campo de control: 111625

003 - IDENTIFICADOR DE NÚMERO DE CONTROL

  • campo de control: OSt

005 - FECHA Y HORA DE LA ÚLTIMA TRANSACCIÓN

  • campo de control: 20260319162853.0

008 - ELEMENTOS DE DATO DE LONGITUD-FIJA

  • campo de control de longitud fija: 260319|| ac|||aabn | a|a d

024 7# - IDENTIFICADOR DE OTROS ESTÁNDARES

  • Fuente: Wikidata
  • Número estándar o código: Q122070241

040 ## - FUENTE DE CATALOGACIÓN

  • Centro catalogador/agencia de origen: M-RABA

110 2# - ENCABEZAMIENTO-NOMBRE DE ENTIDAD CORPORATIVA

  • Nombre de entidad corporativa o nombre de jurisdicción como elemento de entrada: Iglesia de San Martín (Igoróin)

410 2# - TRAZADO DE VÉASE--NOMBRE DE ENTIDAD CORPORATIVA

  • Nombre de entidad corporativa o nombre de jurisdicción como elemento de entrada: Iglesia de San Martín (Ygoróin)

410 2# - TRAZADO DE VÉASE--NOMBRE DE ENTIDAD CORPORATIVA

  • Nombre de entidad corporativa o nombre de jurisdicción como elemento de entrada: Iglesia de San Martín (Musitu)

670 ## - FUENTE DE DATOS ENCONTRADOS

  • Cita de la fuente: (Soto Madrazo, Javier. 2008)
  • Información encontrada: Iglesia de San Martín (Igoróin)

670 ## - FUENTE DE DATOS ENCONTRADOS

  • Cita de la fuente: WWW Wikidata, 19/3/2026
  • Información encontrada: Iglesia de San Martín (Musitu)

Powered by Koha